Normal view
MARC view
- NUTRITION-POPULAR WORKS.HEALTH-POPULAR WORKS.CONSUMER EDUCATION
Entry Topical Term
001 - CONTROL NUMBER
- control field: 65807
003 - CONTROL NUMBER IDENTIFIER
- control field: NUST
005 - DATE AND TIME OF LATEST TRANSACTION
- control field: 20210628203507.0
008 - FIXED-LENGTH DATA ELEMENTS
- fixed length control field: 210628|| aca||aabn | a|a d
040 ## - CATALOGING SOURCE
- Original cataloging agency: NUST
- Transcribing agency: NUST
150 ## - HEADING--TOPICAL TERM
- Topical term or geographic name entry element: NUTRITION-POPULAR WORKS.HEALTH-POPULAR WORKS.CONSUMER EDUCATION
670 ## - SOURCE DATA FOUND
- Source citation: Work cat.: (NUST): Zied Elisa, Winter Ruth 65806, Feed your family right, how to make smart food and fitness choices for a healthy lifestyle, 2007
